| 000 | 00436nam a2200181 a 4500 | ||
|---|---|---|---|
| 001 | 2800 | ||
| 003 | CO-ViMGA | ||
| 008 | 141112s2004 ck r 000 u spa d | ||
| 040 |
_aCO-ViMGA _bspa _cCO-ViMGA |
||
| 082 | 0 | 4 | _a694.2 G745 |
| 100 | 1 |
_aGriñán, Jose _951886 |
|
| 245 | 1 | 0 | _aCarpinteria de taller y de armar |
| 250 | _a5a | ||
| 260 |
_aBarcelona : _bCeac, _c1987 |
||
| 300 | _a224 p | ||
| 650 | 1 | 4 | _aCARPINTERIA |
| 942 |
_2ddc _cBK |
||
| 999 |
_c14871 _d14871 |
||